000 00334nam a2200145Ia 4500
100 _aGrant/Hiram E
650 _aJigs and fixtures
942 _cBK
366 _f17.5
654 _ajigs
245 _aJigs and fixtures:Non standard clamping devices
260 _bTata Mc Graw hill Ltd.
_c1967
082 _bGRA
546 _aENGLISH
999 _c32456
_d32456